| 000 | 00390nam a2200157Ia 4500 | ||
|---|---|---|---|
| 008 | 230312s9999||||xx |||||||||||||| ||und|| | ||
| 020 | _a81-312-2704-6 | ||
| 082 |
_a612 _bHAL-G |
||
| 100 | _aHall,John.E | ||
| 245 | 0 | _aGuyton and Hall Textbook of medical Physiology | |
| 260 |
_bElsevier _aIndia _c2011 |
||
| 300 | _a1091 | ||
| 546 | _aEng. | ||
| 650 |
_aMedical _vPhysiology |
||
| 942 | _cBK | ||
| 999 |
_c5025 _d5025 |
||